|
|
|
|
| LEADER |
00000nam a2200000 4500 |
| 001 |
vtls009477489 |
| 003 |
SK-MaSNL |
| 005 |
20260301024625.0 |
| 008 |
180810s1644 fr a f 010 0 lat |
| 015 |
|
|
|a SNBHFA
|
| 040 |
|
|
|a SNK
|b slo
|c SNK
|e rda
|
| 041 |
|
|
|a lat
|
| 044 |
|
|
|a fr
|c FR
|
| 072 |
|
7 |
|a 11
|x Metafyzika
|2 konspekt
|
| 080 |
|
|
|a 11
|2 2011
|
| 080 |
|
|
|a (043)
|2 2011
|
| 100 |
1 |
|
|a Espich, Jacob Valentin,
|d 1590-1651
|4 aut
|9 318996
|
| 245 |
1 |
0 |
|a Miscellanea Metaphysica Qvae Divina Aspirante Gratia In Inclyta Argentoratensivm Vniversitate
|c Sub Praesidio Viri Excellentissimi, Clarissimi, atq; Experientissimi Dn. Jacobi Valentini Espichii Philosophiae Et Medicinae Doctoris Celeberrimi, Metaphisices Et Logices Professoris publici, Praeceptoris ac Patroni multis nominibus honorandi. Publicae ventilationi proponit Johannes Gracza Brisna-Pannonius. Ad diem 21. Mens. Martii. Loco et horis consuetis
|
| 264 |
|
3 |
|a Argentinae
|b Typis Joannis Philippi Mülbii, Academiae Typographi.
|c Anno M DC XLIV (1644)
|
| 300 |
|
|
|a 4 listy
|c 20 cm
|
| 336 |
|
|
|a text
|b txt
|2 rdacontent
|
| 337 |
|
|
|a bez média
|b n
|2 rdamedia
|
| 338 |
|
|
|a zväzok
|b nc
|2 rdacarrier
|
| 500 |
|
|
|a Vineta, linky, iniciálka s ornamentálnym pozadím v rámčeku na 4 riadky, kustody
|
| 501 |
|
|
|a Príväzok 5. k: GERHARD, Johann. Confessionis Catholicae, In qua Doctrina Catholica Et Evangelica, ... Libri II. Specialis Pars Tertia, Jenae : Typis et sumptibus Ernstesti Steinmanni, Anno M. DC.XXXVII (1637).
|5 SNK SC 33654
|
| 508 |
|
|
|a Dedikácia: Dorsche, Johann Georg; Schaller, Jakob; Boeckler, Johann; Graca, Krištof; Fischer, Martin; Espich, Jacob Valentin
|
| 546 |
|
|
|a Latinský text
|b Antikva
|b Kurzíva
|
| 563 |
|
|
|a Väzba: pôvodná, pergamenová.
|5 SNK SC 33654
|
| 650 |
0 |
7 |
|a metafyzika
|2 SNKPH
|9 810
|
| 655 |
|
7 |
|a diplomové práce
|2 SNKPH
|9 70156
|
| 700 |
1 |
|
|a Graca, Ján,
|d zomrel 1649
|4 aut
|4 dto
|9 318997
|
| 700 |
1 |
|
|a Mülbe, Johann Philipp
|4 prt
|9 318998
|
| 700 |
1 |
|
|a Dorsche, Johann Georg,
|d 1597-1659
|4 hnr
|9 318999
|
| 700 |
1 |
|
|a Schaller, Jakob,
|d 1604-1676
|4 hnr
|9 319000
|
| 700 |
1 |
|
|a Boeckler, Johann,
|d 1651-1701
|4 hnr
|9 319001
|
| 700 |
1 |
|
|a Graca, Krištof
|4 hnr
|9 319002
|
| 700 |
1 |
|
|a Fischer, Martin
|4 hnr
|9 319003
|
| 752 |
|
|
|a Francúzsko
|d Štrasburg
|
| 852 |
|
|
|a snk
|p SC 33654/prív.5
|
| 958 |
|
|
|a ONDV
|
| 958 |
|
|
|a DC
|
| 999 |
|
|
|c 571484
|d 573414
|
| 952 |
|
|
|a SNK
|b SNK
|y PREZ
|7 0
|p 17A1484308
|o snkSC 33654/prív.5
|i snkF 1354/74
|8 5
|0 0
|1 0
|4 0
|d 2009-02-26
|f 1
|l 0
|r 2025-09-30 00:00:00
|w 2026-02-23
|